Tokyo 2020 Olympic Medals - Weapon Sports - Statistics

General Stats
  • This quiz has been taken 39 times
  • The average score is 20 of 29
Answer Stats
Gold % Correct
China
100%
France
100%
ROC
100%
South Korea
100%
United States
100%
Japan
97%
Germany
93%
Great Britain
93%
Italy
90%
Spain
90%
Netherlands
87%
Hungary
80%
Mexico
73%
Turkey
70%
Switzerland
67%
Czech Republic
63%
Denmark
63%
Romania
60%
Bulgaria
53%
Serbia
53%
Ukraine
53%
Estonia
50%
Slovakia
50%
Iran
47%
San Marino
47%
Cuba
43%
Chinese Taipei
33%
Hong Kong
30%
Kuwait
27%
No matching quizzes found
Score Distribution
Percent of People with Each Score
Percentile by Number Answered
Your Score History
You have not taken this quiz